| Tag |
First Indicator |
Second Indicator |
Subfields |
| LEADER |
00000cam a2200000 a 4500 |
| 001 |
in00001416921 |
| 005 |
20151020063531.0 |
| 008 |
960701s1997 enkab bd 001 0 eng |
| 010 |
|
|
|a 96031664
|
| 015 |
|
|
|a GB98-3967
|
| 019 |
|
|
|a 38333651
|
| 020 |
|
|
|a 0521460107 (hbk.)
|
| 035 |
|
|
|a (OCoLC)35095959
|
| 035 |
|
|
|9 AHP3557AM
|
| 040 |
|
|
|a DLC
|c DLC
|d YDX
|d UKM
|d TXA
|d UtOrBLW
|
| 043 |
|
|
|a a-is---
|
| 049 |
|
|
|a TXAM
|
| 050 |
0 |
0 |
|a D183
|b .P75 1997
|
| 082 |
0 |
0 |
|a 720/.95694/09021
|2 20
|
| 100 |
1 |
|
|a Pringle, Denys.
|
| 245 |
1 |
0 |
|a Secular buildings in the Crusader Kingdom of Jerusalem :
|b an archaeological gazetteer /
|c Denys Pringle.
|
| 264 |
|
1 |
|a Cambridge ;
|a New York :
|b Cambridge University Press,
|c 1997.
|
| 300 |
|
|
|a xx, 159 pages :
|b illustrations, maps ;
|c 29 cm.
|
| 336 |
|
|
|a text
|b txt
|2 rdacontent
|
| 337 |
|
|
|a unmediated
|b n
|2 rdamedia
|
| 338 |
|
|
|a volume
|b nc
|2 rdacarrier
|
| 504 |
|
|
|a Includes bibliographical references (pages 121-140) and index.
|
| 651 |
|
0 |
|a Jerusalem (Latin Kingdom)
|x Gazetteers.
|
| 651 |
|
0 |
|a Jerusalem (Latin Kingdom)
|x Buildings, structures, etc.
|x Gazetteers.
|
| 948 |
|
|
|a c:jal
|
| 999 |
|
|
|a MARS
|
| 999 |
f |
f |
|s bb157e81-2b86-3311-b623-80b755f6a470
|i 990b31a4-59af-3d79-a5e9-7c2553654648
|t 0
|
| 952 |
f |
f |
|p ric
|a Texas A&M University
|b Rellis Campus
|c Joint Library Facility
|d Remote Storage
|t 0
|e D183 .P75 1997
|h Library of Congress classification
|i unmediated -- volume
|m A14823306846
|
| 998 |
f |
f |
|a D183 .P75 1997
|t 0
|l Remote Storage
|